| 000 | 00608nam a22002057a 4500 | ||
|---|---|---|---|
| 999 |
_c13520 _d13520 |
||
| 003 | MIRAKIL | ||
| 005 | 20191004143807.0 | ||
| 008 | 191004b tu ||||| |||| 00| 0 tur d | ||
| 020 | _a9754584052 | ||
| 040 |
_aTR-AnCHP _cTR-AnCHP |
||
| 041 | _atur | ||
| 082 |
_a813.42 _bA52a 2002 |
||
| 100 | 1 |
_aAnday, Melih Cevdet _d1915-2002 |
|
| 245 | 1 | 0 |
_aAylaklar/ _cMelih Cevdet Anday |
| 260 |
_aİstanbul: _bTürkiye İş Bankası Kültür Yayınları, _c2002. |
||
| 300 |
_a265 s.: _b20 sm. |
||
| 490 | 0 |
_aGenel Yayın; _aEdebiyat Dizisi; _v642. _v245. |
|
| 650 | 0 |
_919 _aTürk edebiyatı _xRoman |
|
| 942 |
_2ddc _cBKS |
||